000 00628nam a2200193Ia 4500
003 GCL
008 140319s9999 xx 000 0 ara d
040 _aGCL /
_cGCL
082 0 4 _a791.43
_bا ا
100 1 _aاحمد رافت بهجت
245 1 0 _aاتجاهات سينمائية /
_cاحمد رافت بهجت
300 _a243 ص
490 _aمطبوعات مهرجان القاهرة السينمائى الدولى
_v0
650 0 4 _aالافلام السينمائية
650 0 4 _aالسينما
650 0 4 _aالاخراج السينمائى
650 0 4 _aالانتاج السينمائى
942 _2ddc
_cBK
999 _c47493
_d47493